Une éducatrice, Mlle Dissard / (Record no. 19438)

MARC details
000 -LEADER
fixed length control field 00484cam a22001817a 4500
001 - CONTROL NUMBER
control field e 13000099
003 - CONTROL NUMBER IDENTIFIER
control field DLC
005 - DATE AND TIME OF LATEST TRANSACTION
control field 20260227111158.0
008 - FIXED-LENGTH DATA ELEMENTS--GENERAL INFORMATION
fixed length control field 070921s1912 fr a 000 0 fre
010 ## - LIBRARY OF CONGRESS CONTROL NUMBER
LC control number e 13000099
040 ## - CATALOGING SOURCE
Original cataloging agency DLC
Transcribing agency DLC
050 00 - LIBRARY OF CONGRESS CALL NUMBER
Classification number MLCS 2007/47952 (L)
100 1# - MAIN ENTRY--PERSONAL NAME
Personal name Mayet, M.
245 14 - TITLE STATEMENT
Title Une éducatrice, Mlle Dissard /
Statement of responsibility, etc. M. Mayet.
260 ## - PUBLICATION, DISTRIBUTION, ETC.
Place of publication, distribution, etc. Lyon :
Name of publisher, distributor, etc. E. Vitte,
Date of publication, distribution, etc. 1912.
300 ## - PHYSICAL DESCRIPTION
Extent 198 p. :
Other physical details ill. ;
Dimensions 19 cm.
600 10 - SUBJECT ADDED ENTRY--PERSONAL NAME
Personal name Dissard, Joséphine,
Dates associated with a name 1825-1909.

No items available.

Powered by Koha